| 000 | 00523nam a2200169 i 4500 | ||
|---|---|---|---|
| 001 | 80522 | ||
| 003 | ES-MaACL | ||
| 005 | 20230906174232.0 | ||
| 007 | t| | ||
| 008 | 041028s1971 sp ||||1| spa d | ||
| 100 | 1 |
_aHjelmslev, Louis. _963842 |
|
| 245 | 1 | 0 |
_aProlegómenos a una teoría del lenguaje / _cLouis Hjelmslev ; versión, José Luis Díaz de Liaño. |
| 260 |
_aMadrid : _bGredos, _c[1971] |
||
| 300 |
_a198 p. ; _c20 cm. |
||
| 700 | 1 |
_aDíaz de Liaño, José Luis. _944241 |
|
| 852 |
_aES-MaACL _jC-39187 _bR.77776 |
||
| 999 |
_c80522 _d80522 |
||